000 00596nam a22002297a 4500
003 UA-OsUOA
001 34721
007 ta
008 20051019b un ||||| |||| 00| 0 ukr d
100 _aГенсьорський А.І.
090 _a82.09
_bГ34
942 _cBK
040 _aUA-OsUOA
_bukr
_cUA-OsUOA
_dUA-OsUOA
245 _aГалицько - Волинський літопис
300 _a281 с.
955 _a1
041 _aukr
080 _a82.09
260 _aК.
_c1961
650 7 _a82 Література. Літературознавство
_2UDC
999 _c321150
_d321150